| Tag |
First Indicator |
Second Indicator |
Subfields |
| LEADER |
00000cem a2200000 a 4500 |
| 001 |
in00001403498 |
| 005 |
20151020055535.0 |
| 007 |
aj canzn |
| 008 |
960909s1995 mtuag a 0 eng d |
| 034 |
1 |
|
|a a
|b 250000
|
| 035 |
|
|
|a (OCoLC)35447965
|
| 035 |
|
|
|9 AHN4751AM
|
| 040 |
|
|
|a FUG
|c FUG
|d TXA
|d UtOrBLW
|
| 049 |
|
|
|a TXAC
|
| 052 |
|
|
|a 3701
|
| 090 |
|
|
|a G3701.E63 1995
|b .A3
|
| 110 |
2 |
|
|a Adventure Cycling Association.
|
| 245 |
1 |
0 |
|a Bicycle touring map :
|b Great Rivers /
|c production manager, Carla Majernik ; digital cartography, Carla Majernik and Jennifer Hamelman.
|
| 246 |
1 |
|
|i Alternate title.
|a Great Rivers bicycle route.
|
| 246 |
3 |
0 |
|a Great Rivers.
|
| 255 |
|
|
|a Scale 1:250,000. 1 in. = 4 miles or 6.4 km.
|
| 264 |
|
1 |
|a Missoula, MT :
|b Adventure Cycling,
|c [1995]
|
| 264 |
|
4 |
|c ©1995
|
| 300 |
|
|
|a 48 maps on 3 sheets :
|b both sides, color, plastic-treated ;
|c 9 x 20 cm. or smaller, on sheet 47 x 62 cm., folded to 23 x 11 cm.
|
| 336 |
|
|
|a cartographic image
|b cri
|2 rdacontent
|
| 337 |
|
|
|a unmediated
|b n
|2 rdamedia
|
| 338 |
|
|
|a sheet
|b nb
|2 rdacarrier
|
| 500 |
|
|
|a Relief shown by contours and spot heights.
|
| 505 |
0 |
|
|a Sect. 1. Muscatine, IA to Cape Girardeau, MO -- Sect. 2. Cape Girardeau, MO to Tupelo, MS -- Sect. 3. Tupelo, MS to St. Francisville, LA.
|
| 500 |
|
|
|a "If you find additions or corrections ... send it to: Adventure Cycling, Routes and Mapping Dept..."
|
| 500 |
|
|
|a Each map segment includes route directions.
|
| 500 |
|
|
|a Includes text, "Service directory," key to abbreviations, segment index map, location map, weather graphs and col. ill.
|
| 500 |
|
|
|a "#BC-1811 - #BC -1813."
|
| 500 |
|
|
|a Cartographic material.
|
| 650 |
|
0 |
|a Bicycle trails
|z Southern States
|x Maps.
|
| 650 |
|
0 |
|a Bicycle trails
|z Middle West
|x Maps.
|
| 700 |
1 |
|
|a Majernik, Carla.
|
| 700 |
1 |
|
|a Hamelman, Jennifer.
|
| 948 |
|
|
|a c:JLG
|
| 999 |
|
|
|a MARS
|
| 999 |
f |
f |
|s cdb1e1d8-b941-301e-a24b-58593a849378
|i 96dbbb81-4a4b-30e1-94b4-83dc2c7de52f
|t 0
|
| 952 |
f |
f |
|p normal
|a Texas A&M University
|b College Station
|c Sterling C. Evans Library
|d Evans: Maps (2nd floor)
|t 0
|e G3701.E63 1995 .A3
|h Library of Congress classification
|i unmediated -- sheet
|k Sect.1
|m A14822465192
|
| 952 |
f |
f |
|p normal
|a Texas A&M University
|b College Station
|c Sterling C. Evans Library
|d Evans: Maps (2nd floor)
|t 0
|e G3701.E63 1995 .A3
|h Library of Congress classification
|i unmediated -- sheet
|k Sect.3
|m A14822465273
|
| 952 |
f |
f |
|p normal
|a Texas A&M University
|b College Station
|c Sterling C. Evans Library
|d Evans: Maps (2nd floor)
|t 0
|e G3701.E63 1995 .A3
|h Library of Congress classification
|i unmediated -- sheet
|k Sect.2
|m A14822465281
|
| 998 |
f |
f |
|a G3701.E63 1995 .A3
|s Sect.1-Sect.3
|t 0
|l Evans: Maps (2nd floor)
|